| 000 | 00793nam a22002417a 4500 | ||
|---|---|---|---|
| 001 | 63007 | ||
| 003 | UA-OsUOA | ||
| 005 | 20200109145208.0 | ||
| 007 | ta | ||
| 008 | 20090916b un ||||| |||| 00| 0 ukr d | ||
| 040 |
_aUA-OsUOA _bukr _cUA-OsUOA _dUA-OsUOA |
||
| 041 | _aukr | ||
| 080 | _a2(091)(477) | ||
| 090 |
_a2(091)(477) _bЯ75 |
||
| 100 | _aЯрмусь С. | ||
| 245 |
_aДуховність українського народу _bкороткий орієнтаційний нарис |
||
| 260 |
_aКанада _bВолинь _c1983 _aВінніпег |
||
| 300 | _a227 с. | ||
| 650 | 7 |
_a2 Релігія. Теологія. _2UDC |
|
| 942 |
_cBK _2udc |
||
| 955 | _a2 | ||
| 999 |
_c349058 _d349058 |
||